| 000 | 00638 a2200229 4500 | ||
|---|---|---|---|
| 003 | NUST | ||
| 005 | 20260223154640.0 | ||
| 008 | 260223b ||||| |||| 00| 0 eng d | ||
| 020 | _a9698160027 | ||
| 038 | _aIkram | ||
| 082 |
_a627.1ALI _bALI |
||
| 100 |
_aDr.Iqbal Ali _913267 |
||
| 245 |
_aIrrigation and Hydraulic Structures : Theory,Design and Practice / _cDr. Iqbal Ali |
||
| 250 | _a5th.ed. | ||
| 260 |
_aLahore : _cAllied Book Company, _b2015 |
||
| 300 |
_aiii;465p. : _bill . ; _c25cm |
||
| 563 | _aPbk. | ||
| 590 | _6. | ||
| 600 |
_aDr. Bagh Ali Shahid _955444 |
||
| 650 |
_ahydraulic structure _955445 |
||
| 942 |
_2ddc _cBK |
||
| 999 |
_c616340 _d616340 |
||